000 00181 a2200097 4500
020 _a0878924167L3
041 _aeng
100 _aL.Harris, Theodore
245 _aSun Tree
942 _cBK
999 _c9806
_d9806